Древний Египет: учебное пособие

Podrobná bibliografie
Hlavní autor: Тураев Б. А. Борис Александрович
Shrnutí:Борис Александрович Тураев (1868 — 1920) — создатель отечественной школы истории Древнего Востока — был ученым мирового уровня, редкостным знатоком памятников и блестящим преподавателем.В книгу входит одна из последних работ великого ученого «Древний Египет» (Пг.: «Огни», 1920). Публикацию сопровождает современный обширный комментарий, который поможет читателю указаниями на цитируемые источники и актуальную литературу, познакомит с новыми идеями и археологическими находками. Книгу дополняют несколько непереиздававшихся работ, что позволяет более полно оценить богатство творческого гения Б. А. Тураева: перевод жемчужины древнеегипетской литературы, придворного романа XX в. до н. э., «Рассказ Синухета»; заметки о конгрессе классической археологии и т. д.Для студентов исторических факультетов вузов, преподавателей, любителей древней истории.
Jazyk:ruština
Vydáno: Москва, Высшая школа, 2007
Témata:
Médium: MixedMaterials Kniha
KOHA link:https://koha.lib.tpu.ru/cgi-bin/koha/opac-detail.pl?biblionumber=136828

MARC

LEADER 00000nam0a2200000 4500
001 136828
005 20231101220638.0
010 |a 9785060051414 
035 |a (RuTPU)RU\TPU\book\148308 
090 |a 136828 
100 |a 20080428d2007 m y0rusy50 ca 
101 0 |a rus 
102 |a RU 
105 |a a j 001zb 
200 1 |a Древний Египет  |e учебное пособие  |f Б. А. Тураев 
210 |a Москва  |c Высшая школа  |d 2007 
215 |a 519 с.  |c ил. 
320 |a Указатель географических названий: с. 495-502. 
320 |a Указатель имен: с. 503-518. 
330 |a Борис Александрович Тураев (1868 — 1920) — создатель отечественной школы истории Древнего Востока — был ученым мирового уровня, редкостным знатоком памятников и блестящим преподавателем.В книгу входит одна из последних работ великого ученого «Древний Египет» (Пг.: «Огни», 1920). Публикацию сопровождает современный обширный комментарий, который поможет читателю указаниями на цитируемые источники и актуальную литературу, познакомит с новыми идеями и археологическими находками. Книгу дополняют несколько непереиздававшихся работ, что позволяет более полно оценить богатство творческого гения Б. А. Тураева: перевод жемчужины древнеегипетской литературы, придворного романа XX в. до н. э., «Рассказ Синухета»; заметки о конгрессе классической археологии и т. д.Для студентов исторических факультетов вузов, преподавателей, любителей древней истории. 
600 1 |a Тураев  |b Б. А.  |c российский историк, востоковед  |f 1868-1920  |g Борис Александрович  |2 stltpush  |3 (RuTPU)RU\TPU\pers\22469 
606 1 |a Египет Древний  |x История  |2 stltpush  |3 (RuTPU)RU\TPU\subj\58987  |9 76656 
610 1 |a история 
610 1 |a культура 
610 1 |a религия 
610 1 |a Фивы 
610 1 |a христианство 
686 |a Т3(0)31я73  |v LBC/SL-A  |2 rubbk 
700 1 |a Тураев  |b Б. А.  |g Борис Александрович 
801 1 |a RU  |b 63413507  |c 20080428  |g PSBO 
801 2 |a RU  |b 63413507  |c 20230324  |g PSBO 
942 |c BK 
959 |a 47/20080428  |d 2  |e 558,00  |f АНЛ:1  |f ЧЗГЛ:1